000 00350nam a2200133Ia 4500
008 100328s9999 xx 000 0 und d
082 _b6032
100 _aवरेरकर भार्गवराम विठ्ठल
245 _aषोडशी
260 _b---
630 _aषोडशी
730 _aषोडशी
942 _cBOOK
999 _c501973
_d501970